Actors who worked with Yorgos Lanthimos - Statistics

General Stats
  • This quiz has been taken 44 times
    20 since last reset
  • The average score is 13 of 44
Answer Stats
Films Answer % Correct
The Favourite, Poor Things, Kinds of Kindness, Bugonia Emma Stone
94%
The Lobster, The Killing of a Sacred Deer Colin Farrell
81%
The Killing of a Sacred Deer Barry Keoghan
69%
The Killing of a Sacred Deer Nicole Kidman
69%
The Lobster, The Favourite Rachel Weisz
69%
Poor Things, Kinds of Kindness Willem Dafoe
69%
Kinds of Kindness, Bugonia Jesse Plemons
63%
The Lobster, The Favourite Olivia Colman
63%
Poor Things Mark Ruffalo
56%
Poor Things, Kinds of Kindness Margaret Qualley
44%
Poor Things Margaret Qualley
44%
The Favourite Nicholas Hoult
38%
Poor Things Ramy Youssef
38%
Kinds of Kindness Hong Chau
31%
Kinds of Kindness Hunter Schafer
31%
The Lobster John C. Reilly
31%
The Killing of a Sacred Deer, Bugonia Alicia Silverstone
25%
The Lobster Léa Seydoux
25%
The Killing of a Sacred Deer Sunny Suljic
25%
Bugonia Aidan Delbis
19%
The Lobster Ariane Labed
19%
Alps Ariane Labed
19%
The Favourite Joe Alwyn
19%
Kinds of Kindness Joe Alwyn
19%
The Killing of a Sacred Deer Raffey Cassidy
19%
The Lobster, Dogtooth, Alps Angeliki Papoulia
13%
Alps, Kinetta Aris Servetalis
13%
The Lobster Ashley Jensen
13%
The Lobster Ben Whishaw
13%
The Killing of a Sacred Deer Bill Camp
13%
Poor Things Christopher Abbott
13%
Dogtooth Christos Stergioglou
13%
Kinetta Costas Xikominos
13%
Kinetta Evangelia Randou
13%
Dogtooth Hristos Passalis
13%
Poor Things Jerrod Carmichael
13%
Poor Things Jerrod Carmichael
13%
The Lobster Jessica Barden
13%
Alps Johnny Vekris
13%
Kinds of Kindness Mamoudou Athie
13%
The Favourite Mark Gatiss
13%
Dogtooth Mary Tsoni
13%
Dogtooth Michele Valley
13%
The Lobster Michael Smiley
6%
No matching quizzes found
Score Distribution
Percent of People with Each Score
Percentile by Number Answered
Your Score History
You have not taken this quiz since the last reset